Intervención societaria de una sociedad no regular. Perspectiva de género / (Registro nro. 6049)
[ vista simple ]
| 000 -LEADER | |
|---|---|
| fixed length control field | 01094nab a22002297a 4500 |
| 003 - CONTROL NUMBER IDENTIFIER | |
| control field | OSt |
| 005 - DATE AND TIME OF LATEST TRANSACTION | |
| control field | 20260120230922.0 |
| 008 - FIXED-LENGTH DATA ELEMENTS--GENERAL INFORMATION | |
| fixed length control field | 190514b xxu||||| |||| 00| 0 spa d |
| 040 ## - CATALOGING SOURCE | |
| Transcribing agency | PJ |
| 100 ## - MAIN ENTRY--PERSONAL NAME | |
| 9 (RLIN) | 6837 |
| Personal name | Fernández Andreani, Patricia A. |
| 245 10 - TITLE STATEMENT | |
| Title | Intervención societaria de una sociedad no regular. Perspectiva de género / |
| Statement of responsibility, etc | Patricia A. Fernández Andreani. |
| 300 ## - PHYSICAL DESCRIPTION | |
| Extent | p. 8-12 |
| 500 ## - GENERAL NOTE | |
| General note | Cita: TR LALEY AR/DOC/253/2024. |
| 505 ## - FORMATTED CONTENTS NOTE | |
| Formatted contents note | Sumario: I. El caso.— II. Intervención. Interés que tutela.— III. Perspectiva de género.— IV. Conclusiones. |
| 505 ## - FORMATTED CONTENTS NOTE | |
| Title | Fallo comentado: JNCom. Nro. 14 ~ 29/05/2023 ~ B., A. I. y otro c. R, A, de A. R. F. y sucesoras de L. I. B. Sociedad de Hecho s/ medida precautoria. |
| 650 #0 - SUBJECT ADDED ENTRY--TOPICAL TERM | |
| 9 (RLIN) | 967 |
| Topical term or geographic name as entry element | DERECHO DE FAMILIA |
| 650 #0 - SUBJECT ADDED ENTRY--TOPICAL TERM | |
| 9 (RLIN) | 646 |
| Topical term or geographic name as entry element | SOCIEDADES COMERCIALES |
| 650 #0 - SUBJECT ADDED ENTRY--TOPICAL TERM | |
| 9 (RLIN) | 4044 |
| Topical term or geographic name as entry element | PERSPECTIVA DE GÉNERO |
| 650 #0 - SUBJECT ADDED ENTRY--TOPICAL TERM | |
| 9 (RLIN) | 1057 |
| Topical term or geographic name as entry element | JURISPRUDENCIA APLICABLE |
| 773 0# - HOST ITEM ENTRY | |
| Host Biblionumber | 2844 |
| Host Itemnumber | 3222 |
| Place, publisher, and date of publication | Buenos Aires : AbeledoPerrot, 1989- |
| Title | Derecho de familia. Revista Interdisciplinaria de doctrina y jurisprudencia. Abril 2024-II. |
| International Standard Book Number | 18511201 |
| 942 ## - ADDED ENTRY ELEMENTS (KOHA) | |
| Source of classification or shelving scheme | |
| Koha item type | Analítica Artículo de Revista |
No hay ítems disponibles.
